书目信息 |
| 题名: |
社会风险与社会风险管理
|
|
| 作者: | 袁方 著 | |
| 分册: | ||
| 出版信息: | 北京 经济科学出版社 2013 |
|
| 页数: | 252页 | |
| 开本: | 21cm | |
| 丛书名: | ||
| 单 册: | ||
| 中图分类: | C916.1 | |
| 科图分类: | ||
| 主题词: | 社会管理--风险管理--研究 , 社会管理 , 风险管理 | |
| 电子资源: | ||
| ISBN: | 978-7-5141-4100-9 | |
| 000 | 00823nam0 2200253 450 | |
| 001 | 523 | |
| 005 | 20140905093201.48 | |
| 010 | @a978-7-5141-4100-9@dCNY35.00 | |
| 100 | @a20140310d2013 em y0chiy50 ea | |
| 101 | 0 | @achi |
| 102 | @aCN@b110000 | |
| 105 | @ay z 000yy | |
| 106 | @ar | |
| 200 | 1 | @a社会风险与社会风险管理@AShe Hui Feng Xian Yu She Hui Feng Xian Guan Li@f袁方著@FYuan Fang Zhu |
| 210 | @a北京@c经济科学出版社@d2013 | |
| 215 | @a252页@d21cm | |
| 330 | @a本书在马克思主义社会有机体理论视域中对社会风险的构成机理、演变趋势、现实出路及其风险管理进行了马克思主义的解答。 | |
| 606 | 0 | @a社会管理@x风险管理@x研究 |
| 606 | 0 | @a社会管理 |
| 606 | 0 | @a风险管理 |
| 690 | @aC916.1@v5 | |
| 701 | 0 | @a袁方@AYuan Fang@c(女,@f1969~)@4著 |
| 801 | 0 | @aCN@bTANGWEI@c20140603 |
| 905 | @b0839842-44@dC916.1@e879@f3 | |
| 社会风险与社会风险管理/袁方著.-北京:经济科学出版社,2013 |
| 252页;21cm |
| ISBN 978-7-5141-4100-9:CNY35.00 |
| 本书在马克思主义社会有机体理论视域中对社会风险的构成机理、演变趋势、现实出路及其风险管理进行了马克思主义的解答。 |
| ● |
| 相关链接 |
|
|
|
|
正题名:社会风险与社会风险管理
索取号:C916.1/879
 
预约/预借
| 序号 | 登录号 | 条形码 | 馆藏地/架位号 | 状态 | 备注 |
| 1 | 0839842 | 208398429 | 第一样本阅览室/ [索取号:C916.1/879] | 在馆 | |
| 2 | 0839843 | 208398438 | 密集书库-海洋学院/ [索取号:C916.1/879] | 在馆 | |
| 3 | 0839844 | 208398447 | 第一借阅区/ [索取号:C916.1/879] | 在馆 |